Nezaměstnanost: rizikové skupiny. Sociální sondy.

Pre tvorbu programov určených na zvýšenie zamestnanosti je dôležité vytypovať i rikové skupiny obyvateľstva, ktoré sú nezamestnanosťou viac ohrozené. K rizikovým skupinám patria z hľadiska kvalifikačnej štruktúry ľudia s nižším vzdelaním, z hľadiska vekovej štruktúry mladí ľudia do 25 rokov. K rizik...

Descripción completa

Guardado en:
Detalles Bibliográficos
Autor principal: Frýdmanová, Marie
Formato: Capítulo de libro
Lenguaje:checo
Materias:
Etiquetas: Agregar Etiqueta
Sin Etiquetas, Sea el primero en etiquetar este registro!

MARC

LEADER 00000naa a2200000 4500
001 r008336
005 20220831083846.1
041 0 |a cze 
044 |a [CS] 
245 1 0 |a Nezaměstnanost: rizikové skupiny.  |b Sociální sondy.  |c Marie Frýdmanová 
520 |a Pre tvorbu programov určených na zvýšenie zamestnanosti je dôležité vytypovať i rikové skupiny obyvateľstva, ktoré sú nezamestnanosťou viac ohrozené. K rizikovým skupinám patria z hľadiska kvalifikačnej štruktúry ľudia s nižším vzdelaním, z hľadiska vekovej štruktúry mladí ľudia do 25 rokov. K rizikovým skupinám patria tiež minoritné skupiny obyvateľstva a handicapované osoby. K ťažko umiestniteľným pracovníkom patria aj dlhodobo nezamestnaní. 
610 2 0 |a nezamestnanosť 
610 2 0 |a vek 
610 2 0 |a kvalifikácia 
610 2 0 |a regióny 
610 2 0 |a skupiny sociálne 
610 2 0 |a ČSFR 
100 1 |a Frýdmanová, Marie